000 00618nam a2200229Ia 4500
003 OSt
005 20220924114248.0
006 a|||||r|||| 00| 0
007 ta
008 220923b |||||||| |||| 00| 0 urd d
024 _a309218
037 _cTextual
040 _aARTS
_cARTS
_burd
041 _2urd
_aurd
082 _aO157,3M61x, 168H4
100 _aTagore Rabindranath
245 0 _aBholanath
260 _aAmritsar
_bBharat Pustak India
_c1944
650 _aBENGALI LITERATURE
942 _hO157,3M61x, 168H4
_cTEXL
_2CC
999 _c392744
_d392744